Cómputo de votos y declaratorias de elección 2002. Provincia de Guanacaste Alcaldías, síndicos(as) y concejales de distrito /
Guardado en:
| Institution som forfatter: | |
|---|---|
| Format: | Texto |
| Sprog: | Spanish |
| Fag: | |
| Tags: |
Tilføj Tag
Ingen Tags, Vær først til at tagge denne postø!
|
MARC
| LEADER | 00000 a a2200000 04500 | ||
|---|---|---|---|
| 001 | 42813 | ||
| 003 | cru CIDCACS/IIS | ||
| 005 | 20231025150915.0 | ||
| 008 | 170330b xxu||||| |||| 00| 0 spa d | ||
| 040 | |c cru CIDCACS/IIS |a cru CIDCACS/IIS | ||
| 090 | |a 04.04.02 C837c Vol. 5 2002 | ||
| 110 | |a Costa Rica. Tribunal Supremo de Elecciones | ||
| 245 | |a Cómputo de votos y declaratorias de elección 2002. Provincia de Guanacaste |b Alcaldías, síndicos(as) y concejales de distrito / |c Tribunal Supremo de Eleccione de Costa Rica | ||
| 650 | |a ELECCIONES | ||
| 650 | |a VOTACION | ||
| 650 | |a GOBIERNO LOCAL | ||
| 650 | |a ALCALDIAS | ||
| 650 | |a SINDICOS | ||
| 650 | |a CONCEJALES | ||
| 650 | 0 | |a GUANACASTE |9 3807 | |
| 773 | |g volumen1, número1 (2002 ) | ||
| 942 | |2 z |c LI |h 04.04.02 C837c Vol. 5 2002 |i 02200 |6 040402_C837C_VOL_5_2002_02200 | ||
| 999 | |c 19090 |d 19090 | ||
